El niño y sus juegos

Kaydedildi:
Detaylı Bibliyografya
Yazar: Aberastury, Arminda (Yazar)
Materyal Türü: Kitap
Dil:İspanyolca
Baskı/Yayın Bilgisi: Buenos Aires Paidós 1998
Edisyon:2a. ed
Seri Bilgileri:Paidós Educador, 12
Konular:
Etiketler: Etiketle
Etiket eklenmemiş, İlk siz ekleyin!

MARC

LEADER 00000nam a2200000 a 4500
001 UCL8558
003 CL-VaPUC
008 040625e19980000AG |||||||||||||||||spa|d
020 |a 9501224996 
082 0 4 |a 155.7  |b ABE  |2 21 
100 0 |a Aberastury, Arminda  |e author  |9 486465 
245 1 3 |a El niño y sus juegos 
250 |a 2a. ed 
300 |a 90 p 
942 |c BK 
945 |d 20040625 00:00:00  |a cmena 
260 |a Buenos Aires  |b Paidós  |c 1998 
650 0 |a Psicología evolutiva   |9 271069 
650 0 |a Juegos educativos  |9 307366 
650 0 |a Niños  |9 255605 
650 0 |a Desarrollo mental   |9 313003 
583 |a last modification  |c 20040625 00:00:00  |k Rodrigo Vera 
490 0 |a Paidós Educador, 12 
999 |c 309792  |d 309790 
952 |0 0  |1 0  |4 0  |6 155_700000000000000_ABE_1998  |7 0  |8 A  |9 377541  |a BIBEDU  |b BIBEDU  |d 2019-11-21  |i 4030990  |o 155.7 ABE 1998  |p 4030990  |r 2019-11-21  |w 2019-11-21  |y BK  |k PAR 
952 |0 0  |1 0  |4 0  |6 155_700000000000000_ABE_1998  |7 0  |8 A  |9 377542  |a BIBEDU  |b BIBEDU  |d 2019-11-21  |i 430389K  |o 155.7 ABE 1998  |p 430389K  |r 2019-11-21  |w 2019-11-21  |y BK  |k EBA